000 01156nam a2200193 i 4500
001 32094
003 ES-MaACL
005 20230906154518.0
007 t|
008 030219s1888 sp ||||1| spa d
245 0 0 _aVelada literaria celebrada el 21 de diciembre de 1888
_b: trabajos de los señores profesores de este centro en ella leídos.
260 _aSevilla :
_b[s.n.],
_c1888 (
_fImp. de El Mercantil Sevillano)
300 _a40 p. ;
_c21 cm.
505 8 _aContiene: Con portada propia : Memoria leída por D. Francisco Sánchez-Arjona como profesor del Colegio de Ntra. Sra. del Robledo en la velada dada por el mismo en el día 21 de diciembre de 1888 ; Relación de lo que pasó en la villa de Constantina el viernes de Dolores día 9 de abril de 1810 / [Luis Caro y Salamanca] ; A la Santísima Virgen / Bernabé Sarabia ; A ntra. señora Santa María en su Concepción Inmaculada / F. González de Salcedo ; Dos palabras / Francisco P. Ochoa
700 1 _aSánchez-Arjona, Francisco.
_9102469
700 1 _aCaro y Salamanca, Luis.
_935415
710 0 _aColegio de Nuestra Señora del Robledo (Sevilla)
_92914
852 _aES-MaACL
_jT-569-F-2
999 _c32094
_d32094